[Event "Winnipeg TNT March op"]
[Site "Winnipeg CAN"]
[Date "2008.03.11"]
[Round "2"]
[White "Oberton, Daniel"]
[Black "Kong, Dezheng"]
[Result "0-1"]
[WhiteElo "1961"]
[BlackElo "1814"]
[PlyCount "96"]
[GameId "2160767910413319"]
[EventDate "2008.03.04"]
[EventType "swiss"]
[EventRounds "4"]
[EventCountry "CAN"]
[SourceTitle "EXT 2011"]
[Source "ChessBase"]
[SourceDate "2011.11.26"]
[SourceVersion "1"]
[SourceVersionDate "2011.11.26"]
[SourceQuality "1"]

1. e4 c5 2. Nf3 d6 3. d4 cxd4 4. Nxd4 Nf6 5. Nc3 a6 6. Be2 e6 7. g4 Be7 8. Be3 Qc7 9. g5 Nfd7 10. Qd2 b5 11. a3 Bb7 12. O-O-O Nc6 13. Nxc6 Bxc6 14. Bf4 Ne5 15. Kb1 Rd8 16. h4 Qb7 17. Qd4 f6 18. Qe3 a5 19. Bxe5 fxe5 20. Bf3 b4 21. axb4 axb4 22. Ne2 Ra8 23. Nc1 Qa6 24. Nb3 Bb5 25. Rde1 Bc4 26. Be2 Qa2+ 27. Kc1 Bxb3 28. Qxb3 Qxb3 29. cxb3 Kd7 30. Bb5+ Kc7 31. Kb1 Rhf8 32. Re2 Ra5 33. Rc2+ Kb6 34. Ba4 Rf7 35. Rhc1 Rc5 36. Rc4 Ka5 37. Bd7 Rxf2 38. Bxe6 Rf4 39. Rh1 Rxc4 40. Bxc4 Rxe4 41. Bd3 Rd4 42. Bxh7 e4 43. Kc2 d5 44. Rd1 Rxd1 45. Kxd1 Kb5 46. Kd2 Bd6 47. Ke2 Bf4 48. Bf5 Kc5 0-1

[Event "Winnipeg TNT March op"]
[Site "Winnipeg CAN"]
[Date "2008.03.11"]
[Round "2"]
[White "Silva, T Romero"]
[Black "Liu, Weixi"]
[Result "1/2-1/2"]
[WhiteElo "1773"]
[BlackElo "1953"]
[PlyCount "83"]
[GameId "2160767910413320"]
[EventDate "2008.03.04"]
[EventType "swiss"]
[EventRounds "4"]
[EventCountry "CAN"]
[SourceTitle "EXT 2011"]
[Source "ChessBase"]
[SourceDate "2011.11.26"]
[SourceVersion "1"]
[SourceVersionDate "2011.11.26"]
[SourceQuality "1"]

1. d4 d5 2. c4 c6 3. e3 Nf6 4. Nc3 e6 5. a3 Be7 6. Nf3 O-O 7. Be2 dxc4 8. Bxc4 c5 9. O-O cxd4 10. Nxd4 a6 11. Bd3 b5 12. Qf3 Qb6 13. Ne4 Bb7 14. Bd2 Nbd7 15. Nxf6+ Bxf6 16. Qh3 h6 17. Bc3 Nc5 18. Be2 Ne4 19. Bb4 Rfd8 20. Rfd1 Bxd4 21. exd4 Rxd4 22. Be1 Rxd1 23. Rxd1 Rd8 24. Rxd8+ Qxd8 25. Qd3 Qg5 26. f3 Nc5 27. Qc2 Na4 28. b3 Qc5+ 29. Qxc5 Nxc5 30. b4 Nd7 31. Bc3 Bd5 32. Kf2 e5 33. g3 f6 34. Ke3 Kf7 35. f4 exf4+ 36. Kxf4 Nb6 37. Ke3 Ke6 38. Kd4 Kd6 39. Bd2 Bc4 40. Bf4+ Kc6 41. Bf3+ Bd5 42. Be2 1/2-1/2

[Event "Winnipeg TNT March op"]
[Site "Winnipeg CAN"]
[Date "2008.03.11"]
[Round "2"]
[White "Wasserman, Leor"]
[Black "Lauritson, Jim"]
[Result "0-1"]
[WhiteElo "1464"]
[BlackElo "1997"]
[PlyCount "50"]
[GameId "2160767910413321"]
[EventDate "2008.03.04"]
[EventType "swiss"]
[EventRounds "4"]
[EventCountry "CAN"]
[SourceTitle "EXT 2011"]
[Source "ChessBase"]
[SourceDate "2011.11.26"]
[SourceVersion "1"]
[SourceVersionDate "2011.11.26"]
[SourceQuality "1"]

1. e4 c5 2. Nf3 e6 3. d4 cxd4 4. Nxd4 Nc6 5. Nc3 a6 6. Nxc6 bxc6 7. e5 Qa5 8. f4 Rb8 9. Bd3 Bc5 10. a3 Ne7 11. Bd2 Rxb2 12. Ne4 Qb6 13. Qc1 Bxa3 14. Bc3 Nd5 15. Bxb2 Bxb2 16. Nd6+ Ke7 17. Nxc8+ Rxc8 18. Qb1 Qe3+ 19. Kf1 Bd4 20. Qe1 Qxf4+ 21. Ke2 Qe3+ 22. Kf1 Qf4+ 23. Ke2 Nc3+ 24. Qxc3 Qe3+ 25. Kd1 Bxc3 0-1

[Event "Winnipeg TNT March op"]
[Site "Winnipeg CAN"]
[Date "2008.03.11"]
[Round "2"]
[White "Wiebe, Daniel"]
[Black "Proulx, Roy"]
[Result "1-0"]
[WhiteElo "1873"]
[BlackElo "1761"]
[PlyCount "65"]
[GameId "2160767910413322"]
[EventDate "2008.03.04"]
[EventType "swiss"]
[EventRounds "4"]
[EventCountry "CAN"]
[SourceTitle "EXT 2011"]
[Source "ChessBase"]
[SourceDate "2011.11.26"]
[SourceVersion "1"]
[SourceVersionDate "2011.11.26"]
[SourceQuality "1"]

1. e4 e6 2. d3 d5 3. Nd2 c5 4. g3 Nc6 5. Ngf3 Nf6 6. Bg2 Bd6 7. O-O d4 8. Re1 e5 9. c3 O-O 10. Nc4 Bc7 11. Nh4 Re8 12. Bf1 b5 13. Na3 Rb8 14. Ng2 dxc3 15. bxc3 b4 16. cxb4 cxb4 17. Nc4 Nd4 18. Be2 Be6 19. Nge3 Qd7 20. Bb2 Bxc4 21. Nxc4 Red8 22. Bf1 Qg4 23. Be2 Nxe2+ 24. Rxe2 Nd7 25. Ne3 Qf3 26. Nd5 Bd6 27. Qd2 a5 28. Re3 Qh5 29. d4 exd4 30. Bxd4 Ne5 31. Bxe5 Bxe5 32. Rd1 Bc3 33. Qc2 1-0

[Event "Winnipeg TNT March op"]
[Site "Winnipeg CAN"]
[Date "2008.03.18"]
[Round "3"]
[White "Campbell, Gary"]
[Black "Klusa, Lawrence"]
[Result "1-0"]
[WhiteElo "1649"]
[BlackElo "1291"]
[PlyCount "83"]
[GameId "2160767910413323"]
[EventDate "2008.03.04"]
[EventType "swiss"]
[EventRounds "4"]
[EventCountry "CAN"]
[SourceTitle "EXT 2011"]
[Source "ChessBase"]
[SourceDate "2011.11.26"]
[SourceVersion "1"]
[SourceVersionDate "2011.11.26"]
[SourceQuality "1"]

1. d4 d6 2. c4 g6 3. Nc3 Bg7 4. e4 Nf6 5. Nf3 Bg4 6. Be2 Nc6 7. Be3 Qd7 8. Qd2 a6 9. a4 Nb4 10. e5 Bxf3 11. exf6 Bxf6 12. Bxf3 Rb8 13. O-O a5 14. Nd5 Bg7 15. Nxb4 axb4 16. Qxb4 O-O 17. Rfd1 Rfe8 18. a5 Red8 19. d5 Qc8 20. Qd2 e5 21. h3 Qf5 22. b4 Qd7 23. Rab1 Ra8 24. c5 Bf8 25. c6 Qc8 26. b5 Bg7 27. Rdc1 Re8 28. b6 bxc6 29. b7 Qb8 30. bxa8=Q Qxa8 31. Rxc6 Re7 32. a6 f5 33. Qa5 f4 34. a7 Re8 35. Bd2 e4 36. Rb8 Rxb8 37. axb8=Q+ Qxb8 38. Bxe4 Bd4 39. Qxc7 Qb3 40. Qd8+ Kg7 41. Rc7+ Kh6 42. Qh4# 1-0

[Event "Winnipeg TNT March op"]
[Site "Winnipeg CAN"]
[Date "2008.03.18"]
[Round "3"]
[White "Gibbons, Lorne"]
[Black "Wasserman, Leor"]
[Result "0-1"]
[WhiteElo "1256"]
[BlackElo "1464"]
[PlyCount "82"]
[GameId "2160767910413324"]
[EventDate "2008.03.04"]
[EventType "swiss"]
[EventRounds "4"]
[EventCountry "CAN"]
[SourceTitle "EXT 2011"]
[Source "ChessBase"]
[SourceDate "2011.11.26"]
[SourceVersion "1"]
[SourceVersionDate "2011.11.26"]
[SourceQuality "1"]

1. d4 d5 2. c4 c6 3. Bf4 Nf6 4. Nc3 e6 5. a3 Be7 6. Nf3 h6 7. Qa4 Nbd7 8. c5 O-O 9. h3 Ne4 10. Rc1 Bh4 11. g3 Bg5 12. Bxg5 Nxg5 13. Nd2 Nh7 14. b4 e5 15. dxe5 Nxe5 16. f4 Ng6 17. Nf3 Bf5 18. e3 Re8 19. Kf2 Be4 20. Nxe4 Rxe4 21. Qc2 Qe7 22. Re1 Re8 23. Qd2 Ngf8 24. Bg2 Nd7 25. Nd4 Nhf6 26. Nf5 Qd8 27. Nd6 Qc7 28. Nxe8 Rxe8 29. Re2 Ne4+ 30. Bxe4 Rxe4 31. Kf3 Nf6 32. Reh2 Qe7 33. g4 Rc4 34. Rc1 Re4 35. Qd3 Nd7 36. Re2 Qf6 37. Kg3 Qg6 38. Rg2 f5 39. Kh4 Qf7 40. Qe2 Qe7+ 41. Kg3 Rxe3+ 0-1

[Event "Winnipeg TNT March op"]
[Site "Winnipeg CAN"]
[Date "2008.03.18"]
[Round "3"]
[White "Kernetsky, Myron"]
[Black "Rumpel, Chris"]
[Result "1/2-1/2"]
[WhiteElo "1902"]
[BlackElo "1754"]
[PlyCount "48"]
[GameId "2160767910413325"]
[EventDate "2008.03.04"]
[EventType "swiss"]
[EventRounds "4"]
[EventCountry "CAN"]
[SourceTitle "EXT 2011"]
[Source "ChessBase"]
[SourceDate "2011.11.26"]
[SourceVersion "1"]
[SourceVersionDate "2011.11.26"]
[SourceQuality "1"]

1. d4 d5 2. c4 c6 3. Nc3 Nf6 4. e3 a6 5. a4 Nbd7 6. Nf3 e6 7. Bd3 Bd6 8. O-O e5 9. e4 dxe4 10. Nxe4 Nxe4 11. Bxe4 exd4 12. Qxd4 Nf6 13. Bc2 O-O 14. Bg5 Be7 15. Qc3 Ne4 16. Bxe4 Bxg5 17. Rad1 Qf6 18. Qc2 g6 19. Nxg5 Qxg5 20. Qc3 Bf5 21. f4 Qh5 22. Bf3 Qh6 23. g3 Qg7 24. Qxg7+ Kxg7 1/2-1/2

[Event "Winnipeg TNT March op"]
[Site "Winnipeg CAN"]
[Date "2008.03.18"]
[Round "3"]
[White "Khedkar, Jay S"]
[Black "Wiebe, Daniel"]
[Result "1-0"]
[WhiteElo "1870"]
[BlackElo "1873"]
[PlyCount "45"]
[GameId "2160767910413326"]
[EventDate "2008.03.04"]
[EventType "swiss"]
[EventRounds "4"]
[EventCountry "CAN"]
[SourceTitle "EXT 2011"]
[Source "ChessBase"]
[SourceDate "2011.11.26"]
[SourceVersion "1"]
[SourceVersionDate "2011.11.26"]
[SourceQuality "1"]

1. e4 e5 2. f4 exf4 3. Nf3 d5 4. exd5 Bd6 5. Bc4 Nf6 6. O-O O-O 7. d4 Nbd7 8. Nc3 Nb6 9. Bb3 Bb4 10. Bxf4 Bxc3 11. bxc3 Nbxd5 12. Bd2 Ne4 13. c4 Ndf6 14. Bf4 Bg4 15. Qd3 Bf5 16. Nh4 Bg4 17. Be5 Re8 18. Nf5 Qd7 19. Nxg7 Kxg7 20. Qxe4 Qe6 21. Rxf6 Qd7 22. Rxf7+ Kxf7 23. Qxh7+ 1-0

[Event "Winnipeg TNT March op"]
[Site "Winnipeg CAN"]
[Date "2008.03.18"]
[Round "3"]
[White "Kong, Dezheng"]
[Black "Lipnowski, Samuel"]
[Result "0-1"]
[WhiteElo "1814"]
[BlackElo "2292"]
[PlyCount "100"]
[GameId "2160767910413327"]
[EventDate "2008.03.04"]
[EventType "swiss"]
[EventRounds "4"]
[EventCountry "CAN"]
[SourceTitle "EXT 2011"]
[Source "ChessBase"]
[SourceDate "2011.11.26"]
[SourceVersion "1"]
[SourceVersionDate "2011.11.26"]
[SourceQuality "1"]

1. c4 c6 2. Nc3 d5 3. e3 Nf6 4. Nf3 a6 5. cxd5 cxd5 6. d4 Nc6 7. a3 Bg4 8. Be2 e6 9. O-O Bd6 10. h3 Bh5 11. b4 O-O 12. Bb2 Rc8 13. Nd2 Bg6 14. Nb3 Bb8 15. Bf3 Ne7 16. Re1 Nf5 17. e4 dxe4 18. Bxe4 Nxe4 19. Nxe4 Nd6 20. Nbd2 Nxe4 21. Nxe4 Qc7 22. g3 Qc2 23. Qxc2 Rxc2 24. Rab1 h6 25. Nc3 Rc8 26. Na4 R8c6 27. Rbc1 Rxc1 28. Rxc1 Rxc1+ 29. Bxc1 Bc7 30. Nc3 Kf8 31. Kf1 Ke7 32. Be3 Bd3+ 33. Ke1 Bc4 34. Kd2 Kd7 35. Ne4 b6 36. Kc3 Bf1 37. h4 Kc6 38. a4 Kd5 39. Nd2 Be2 40. Nb3 Bd1 41. b5 a5 42. Bc1 Bd6 43. Be3 Bb4+ 44. Kb2 Kc4 45. Nd2+ Kd3 46. Nb3 Bc3+ 47. Ka3 Bxb3 48. Kxb3 Bxd4 49. Bxd4 Kxd4 50. f4 Kd3 0-1

[Event "Winnipeg TNT March op"]
[Site "Winnipeg CAN"]
[Date "2008.03.18"]
[Round "3"]
[White "Letain, Cory"]
[Black "Trueman, Francis"]
[Result "1-0"]
[WhiteElo "1428"]
[BlackElo "1466"]
[PlyCount "61"]
[GameId "2160767910413328"]
[EventDate "2008.03.04"]
[EventType "swiss"]
[EventRounds "4"]
[EventCountry "CAN"]
[SourceTitle "EXT 2011"]
[Source "ChessBase"]
[SourceDate "2011.11.26"]
[SourceVersion "1"]
[SourceVersionDate "2011.11.26"]
[SourceQuality "1"]

1. d4 Nf6 2. c4 d6 3. Nf3 g6 4. Nc3 Bg7 5. e4 O-O 6. Bd3 c6 7. O-O Qc7 8. h3 e5 9. d5 Nbd7 10. b4 cxd5 11. Nb5 Qb6 12. cxd5 Nb8 13. Be3 Qd8 14. Rc1 Na6 15. a3 Qd7 16. Nxa7 Ne8 17. Nxc8 Rxc8 18. Rxc8 Qxc8 19. Qc1 Qd7 20. Bxa6 bxa6 21. Qc6 Qxc6 22. dxc6 Nf6 23. Nd2 Rc8 24. Rc1 Kf8 25. a4 Ne8 26. b5 axb5 27. axb5 Nc7 28. b6 Na6 29. b7 Rc7 30. Bb6 Bh6 31. Bxc7 1-0

[Event "Winnipeg TNT March op"]
[Site "Winnipeg CAN"]
[Date "2008.03.18"]
[Round "3"]
[White "Liu, Weixi"]
[Black "Lauritson, Jim"]
[Result "0-1"]
[WhiteElo "1953"]
[BlackElo "1997"]
[PlyCount "62"]
[GameId "2160767910413329"]
[EventDate "2008.03.04"]
[EventType "swiss"]
[EventRounds "4"]
[EventCountry "CAN"]
[SourceTitle "EXT 2011"]
[Source "ChessBase"]
[SourceDate "2011.11.26"]
[SourceVersion "1"]
[SourceVersionDate "2011.11.26"]
[SourceQuality "1"]

1. d4 Nf6 2. c4 e6 3. Nf3 b6 4. Nc3 Bb7 5. e3 Bb4 6. a3 Bxc3+ 7. bxc3 Ne4 8. Qc2 O-O 9. Bd3 f5 10. Bb2 d6 11. O-O-O Nd7 12. Rhg1 Ndf6 13. h3 Qd7 14. Nh2 Bc6 15. Qe2 Rab8 16. f3 Ng3 17. Qf2 Nfh5 18. Nf1 Nxf1 19. Qxf1 b5 20. cxb5 Bxb5 21. Bxb5 Qxb5 22. Qxb5 Rxb5 23. g4 fxg4 24. hxg4 Nf6 25. Rd2 Nd7 26. f4 Nb6 27. Re2 Nc4 28. Rgg2 Rfb8 29. e4 h6 30. f5 exf5 31. exf5 Nxb2 0-1

[Event "Winnipeg TNT March op"]
[Site "Winnipeg CAN"]
[Date "2008.03.18"]
[Round "3"]
[White "Proulx, Roy"]
[Black "Goodman, Clifford"]
[Result "0-1"]
[WhiteElo "1761"]
[BlackElo "1567"]
[PlyCount "106"]
[GameId "2160767910413330"]
[EventDate "2008.03.04"]
[EventType "swiss"]
[EventRounds "4"]
[EventCountry "CAN"]
[SourceTitle "EXT 2011"]
[Source "ChessBase"]
[SourceDate "2011.11.26"]
[SourceVersion "1"]
[SourceVersionDate "2011.11.26"]
[SourceQuality "1"]

1. e4 g6 2. d4 Bg7 3. f4 c6 4. Nf3 d5 5. e5 Bg4 6. h3 Bxf3 7. Qxf3 e6 8. Bd3 Ne7 9. c3 Nd7 10. O-O Qb6 11. b3 a5 12. Be3 a4 13. b4 O-O 14. g4 f6 15. exf6 Bxf6 16. Nd2 Qc7 17. Bf2 e5 18. dxe5 Bxe5 19. Bg3 Bxc3 20. Rad1 Qb6+ 21. Kh1 Ne5 22. Qe2 Nxd3 23. Qxd3 Qd4 24. Qxd4 Bxd4 25. Nf3 Bg7 26. Ng5 Rfe8 27. Ne6 Rac8 28. f5 gxf5 29. gxf5 Nxf5 30. Rxf5 Rxe6 31. Rdf1 Rf8 32. h4 Rxf5 33. Rxf5 Rf6 34. Rg5 Rg6 35. Rxg6 hxg6 36. Be1 Kf7 37. Kg2 Bd4 38. Kf3 b6 39. Ke2 Ke6 40. Kd3 c5 41. bxc5 bxc5 42. Bd2 Bb2 43. Bg5 c4+ 44. Kc2 c3 45. Kd3 a3 46. Kc2 Ke5 47. Kd3 d4 48. Bh6 Kf5 49. Bg5 Kg4 50. Bf6 Kh3 51. Bg5 Kg3 52. Bf6 Kf3 53. Bxd4 c2 0-1

[Event "Winnipeg TNT March op"]
[Site "Winnipeg CAN"]
[Date "2008.03.18"]
[Round "3"]
[White "Rutter, Blair"]
[Black "Wasserman, Arie"]
[Result "1-0"]
[WhiteElo "1831"]
[BlackElo "1622"]
[PlyCount "39"]
[GameId "2160767910413331"]
[EventDate "2008.03.04"]
[EventType "swiss"]
[EventRounds "4"]
[EventCountry "CAN"]
[SourceTitle "EXT 2011"]
[Source "ChessBase"]
[SourceDate "2011.11.26"]
[SourceVersion "1"]
[SourceVersionDate "2011.11.26"]
[SourceQuality "1"]

1. c4 e5 2. g3 Bc5 3. Bg2 Nc6 4. Nc3 Nf6 5. e3 d6 6. Nge2 Be6 7. d4 exd4 8. exd4 Bb4 9. d5 Bxc3+ 10. bxc3 Bg4 11. dxc6 b6 12. O-O O-O 13. Be3 Re8 14. Qd3 Bh5 15. Nf4 Bg4 16. h3 Bc8 17. Rae1 Ba6 18. Bd4 h6 19. Bxf6 Qxf6 20. Nd5 1-0

[Event "Winnipeg TNT March op"]
[Site "Winnipeg CAN"]
[Date "2008.03.18"]
[Round "3"]
[White "Schulz, Waldemar"]
[Black "Mundwiler, Les"]
[Result "1/2-1/2"]
[WhiteElo "2053"]
[BlackElo "2030"]
[PlyCount "98"]
[GameId "2160767910413332"]
[EventDate "2008.03.04"]
[EventType "swiss"]
[EventRounds "4"]
[EventCountry "CAN"]
[SourceTitle "EXT 2011"]
[Source "ChessBase"]
[SourceDate "2011.11.26"]
[SourceVersion "1"]
[SourceVersionDate "2011.11.26"]
[SourceQuality "1"]

1. Nf3 Nf6 2. c4 e6 3. d4 c5 4. d5 exd5 5. cxd5 d6 6. Nc3 g6 7. e4 Bg7 8. Bd3 O-O 9. O-O Re8 10. Re1 Na6 11. Nd2 Nc7 12. a4 b6 13. Nc4 Ba6 14. Bf4 Bxc4 15. Bxc4 Nh5 16. Bd2 a6 17. Be2 Nf6 18. Bf3 Nd7 19. Bf4 Ne5 20. Be2 Rb8 21. Bg3 g5 22. f4 gxf4 23. Bxf4 Ng6 24. Bg3 Bd4+ 25. Kh1 Bxc3 26. bxc3 Rxe4 27. Qd3 f5 28. Bh5 c4 29. Qd2 Qf6 30. Rf1 Rbe8 31. Bf2 R4e5 32. Bxb6 Rxd5 33. Qa2 Na8 34. Bd4 Rxd4 35. cxd4 Qxd4 36. Rxf5 Qe4 37. Rff1 d5 38. Qd2 Rd8 39. Qa5 Qe7 40. Qxa6 Nc7 41. Qb6 Qd6 42. a5 d4 43. Bxg6 hxg6 44. Rf6 Qxb6 45. axb6 Nd5 46. Rxg6+ Kf7 47. Rc6 c3 48. Ra7+ Ne7 49. Rcc7 d3 1/2-1/2

[Event "Winnipeg TNT March op"]
[Site "Winnipeg CAN"]
[Date "2008.03.18"]
[Round "3"]
[White "Silva, T Romero"]
[Black "Oberton, Daniel"]
[Result "1-0"]
[WhiteElo "1773"]
[BlackElo "1961"]
[PlyCount "65"]
[GameId "2160767910413333"]
[EventDate "2008.03.04"]
[EventType "swiss"]
[EventRounds "4"]
[EventCountry "CAN"]
[SourceTitle "EXT 2011"]
[Source "ChessBase"]
[SourceDate "2011.11.26"]
[SourceVersion "1"]
[SourceVersionDate "2011.11.26"]
[SourceQuality "1"]

1. d4 Nf6 2. c4 g6 3. Nc3 Bg7 4. e4 d6 5. Bd3 O-O 6. Nge2 e5 7. d5 Nbd7 8. f3 a5 9. O-O Nc5 10. Bc2 Qe7 11. Be3 Rd8 12. Qd2 Bd7 13. Bg5 c6 14. Rac1 Qf8 15. b3 h6 16. Bh4 g5 17. Bf2 Nh5 18. Ng3 Nxg3 19. Bxg3 f5 20. exf5 Bxf5 21. Ne4 Na6 22. Bb1 c5 23. h4 Bxe4 24. fxe4 Qe7 25. hxg5 hxg5 26. Rf5 Bh6 27. Rcf1 b6 28. Rf6 Kg7 29. Re6 Qd7 30. Rff6 Nc7 31. Rg6+ Kf8 32. Qf2+ Qf7 33. Ref6 1-0

[Event "Winnipeg TNT March op"]
[Site "Winnipeg CAN"]
[Date "2008.03.25"]
[Round "4"]
[White "Evans, Brian"]
[Black "Trueman, Francis"]
[Result "0-1"]
[WhiteElo "1580"]
[BlackElo "1466"]
[PlyCount "66"]
[GameId "2160767910413335"]
[EventDate "2008.03.04"]
[EventType "swiss"]
[EventRounds "4"]
[EventCountry "CAN"]
[SourceTitle "EXT 2011"]
[Source "ChessBase"]
[SourceDate "2011.11.26"]
[SourceVersion "1"]
[SourceVersionDate "2011.11.26"]
[SourceQuality "1"]

1. e4 d6 2. d4 Nd7 3. Nf3 e5 4. dxe5 dxe5 5. Bc4 h6 6. Qd5 Qe7 7. Nc3 c6 8. Qd3 b5 9. Nxb5 cxb5 10. Bxb5 a6 11. Bc6 Rb8 12. Qd5 Ngf6 13. Qxe5 Qxe5 14. Nxe5 Bd6 15. Nc4 Ke7 16. Bxd7 Bb4+ 17. c3 Bxc3+ 18. bxc3 Bxd7 19. Ba3+ Ke6 20. O-O Bb5 21. Rfd1 Bxc4 22. Rd6+ Ke5 23. f4+ Kxf4 24. e5 Kxe5 25. Re1+ Kf5 26. h3 Kg6 27. Re4 Bxa2 28. Rxa6 Be6 29. Rd4 Rhd8 30. Be7 Rxd4 31. cxd4 Rb1+ 32. Kh2 Rd1 33. Bxf6 Kxf6 0-1

[Event "Winnipeg TNT March op"]
[Site "Winnipeg CAN"]
[Date "2008.03.25"]
[Round "4"]
[White "Goodman, Clifford"]
[Black "Schulz, Waldemar"]
[Result "0-1"]
[WhiteElo "1567"]
[BlackElo "2053"]
[PlyCount "49"]
[GameId "2160767910413336"]
[EventDate "2008.03.04"]
[EventType "swiss"]
[EventRounds "4"]
[EventCountry "CAN"]
[SourceTitle "EXT 2011"]
[Source "ChessBase"]
[SourceDate "2011.11.26"]
[SourceVersion "1"]
[SourceVersionDate "2011.11.26"]
[SourceQuality "1"]

1. Nf3 Nf6 2. c4 e6 3. g3 d5 4. Bg2 c6 5. b3 Be7 6. Bb2 O-O 7. O-O Nbd7 8. d3 Re8 9. Nbd2 Qa5 10. cxd5 exd5 11. e4 Ba3 12. Bxa3 Qxa3 13. exd5 Nxd5 14. Nc4 Qf8 15. Qd2 N7f6 16. Rfe1 Bf5 17. Nh4 Be6 18. Ne5 Rad8 19. Rac1 Qb4 20. Rc2 Qxd2 21. Rxd2 Nc3 22. Rc1 Nfd5 23. Rdc2 Bc8 24. Nhf3 f6 25. Nc4 0-1

[Event "Winnipeg TNT March op"]
[Site "Winnipeg CAN"]
[Date "2008.03.25"]
[Round "4"]
[White "Kernetsky, Myron"]
[Black "Green, Aaron"]
[Result "1/2-1/2"]
[WhiteElo "1902"]
[BlackElo "1644"]
[PlyCount "58"]
[GameId "2160767910413337"]
[EventDate "2008.03.04"]
[EventType "swiss"]
[EventRounds "4"]
[EventCountry "CAN"]
[SourceTitle "EXT 2011"]
[Source "ChessBase"]
[SourceDate "2011.11.26"]
[SourceVersion "1"]
[SourceVersionDate "2011.11.26"]
[SourceQuality "1"]

1. d4 Nf6 2. c4 g6 3. Nc3 Bg7 4. e4 d6 5. Bd3 O-O 6. Nge2 e5 7. O-O Nbd7 8. Rb1 Ne8 9. Be3 f5 10. exf5 gxf5 11. f4 e4 12. Bc2 c6 13. Qe1 Nc7 14. b4 d5 15. c5 a6 16. a4 Nf6 17. h3 Bd7 18. Bf2 Kh8 19. Qd2 Rg8 20. Kh1 Qe8 21. Ng3 Qg6 22. Bd1 Rae8 23. Qe3 Bh6 24. Rb2 Ne6 25. Be1 Ng7 26. Rg1 Ngh5 27. Bxh5 Nxh5 28. Nxh5 Qxh5 29. g3 Bg7 1/2-1/2

[Event "Winnipeg TNT March op"]
[Site "Winnipeg CAN"]
[Date "2008.03.25"]
[Round "4"]
[White "Klusa, Lawrence"]
[Black "Gibbons, Lorne"]
[Result "1-0"]
[WhiteElo "1291"]
[BlackElo "1256"]
[PlyCount "48"]
[GameId "2160767910413338"]
[EventDate "2008.03.04"]
[EventType "swiss"]
[EventRounds "4"]
[EventCountry "CAN"]
[SourceTitle "EXT 2011"]
[Source "ChessBase"]
[SourceDate "2011.11.26"]
[SourceVersion "1"]
[SourceVersionDate "2011.11.26"]
[SourceQuality "1"]

1. d4 d5 2. g3 e6 3. Nf3 c5 4. Bg2 Qb6 5. b3 Nc6 6. Bb2 Nf6 7. O-O Bd7 8. dxc5 Bxc5 9. Bxf6 gxf6 10. e3 O-O-O 11. Nc3 Qb4 12. Na4 Kc7 13. a3 Qa5 14. c4 dxc4 15. b4 Bxb4 16. axb4 Nxb4 17. Nc3 Qb6 18. Nd4 a6 19. Qf3 f5 20. Rfb1 a5 21. Na4 Bxa4 22. Rxa4 Rb8 23. Rc1 Qa6 24. Bf1 b5 1-0

[Event "Winnipeg TNT March op"]
[Site "Winnipeg CAN"]
[Date "2008.03.25"]
[Round "4"]
[White "Lauritson, Jim"]
[Black "Khedkar, Jay S"]
[Result "1/2-1/2"]
[WhiteElo "1997"]
[BlackElo "1870"]
[PlyCount "40"]
[GameId "2160767910413339"]
[EventDate "2008.03.04"]
[EventType "swiss"]
[EventRounds "4"]
[EventCountry "CAN"]
[SourceTitle "EXT 2011"]
[Source "ChessBase"]
[SourceDate "2011.11.26"]
[SourceVersion "1"]
[SourceVersionDate "2011.11.26"]
[SourceQuality "1"]

1. d4 d5 2. c4 e6 3. Nc3 Nf6 4. Bg5 Nbd7 5. e3 c6 6. Nf3 Qa5 7. Nd2 Bb4 8. Qc2 dxc4 9. Bxf6 Nxf6 10. Bxc4 Nd5 11. Rc1 O-O 12. O-O Bd7 13. Nf3 Nxc3 14. bxc3 Bd6 15. Qe4 Rae8 16. Qh4 Qd8 17. Qh5 Qf6 18. Bd3 g6 19. Qh6 Qg7 20. Qxg7+ Kxg7 1/2-1/2

[Event "Winnipeg TNT March op"]
[Site "Winnipeg CAN"]
[Date "2008.03.25"]
[Round "4"]
[White "Letain, Cory"]
[Black "Campbell, Gary"]
[Result "0-1"]
[WhiteElo "1428"]
[BlackElo "1649"]
[PlyCount "56"]
[GameId "2160767910413340"]
[EventDate "2008.03.04"]
[EventType "swiss"]
[EventRounds "4"]
[EventCountry "CAN"]
[SourceTitle "EXT 2011"]
[Source "ChessBase"]
[SourceDate "2011.11.26"]
[SourceVersion "1"]
[SourceVersionDate "2011.11.26"]
[SourceQuality "1"]

1. e4 c5 2. d3 Nc6 3. Nf3 d6 4. Nbd2 g6 5. g3 Bg7 6. Bg2 Nf6 7. O-O O-O 8. Re1 Rb8 9. Nf1 Bg4 10. Ne3 Bxf3 11. Bxf3 b5 12. Ng4 c4 13. d4 Nxd4 14. Nh6+ Bxh6 15. Bxh6 Nxf3+ 16. Qxf3 Re8 17. Rad1 Qc8 18. e5 dxe5 19. Rxe5 Ng4 20. Bf4 Nxe5 21. Bxe5 Rb6 22. Bf4 Qc6 23. Qe3 Qe6 24. Qd2 Qf5 25. Re1 e5 26. Rxe5 Rxe5 27. Qd8+ Kg7 28. Bxe5+ Qxe5 0-1

[Event "Winnipeg TNT March op"]
[Site "Winnipeg CAN"]
[Date "2008.03.25"]
[Round "4"]
[White "Lipnowski, Samuel"]
[Black "Mundwiler, Les"]
[Result "0-1"]
[WhiteElo "2292"]
[BlackElo "2030"]
[PlyCount "100"]
[GameId "2160767910413341"]
[EventDate "2008.03.04"]
[EventType "swiss"]
[EventRounds "4"]
[EventCountry "CAN"]
[SourceTitle "EXT 2011"]
[Source "ChessBase"]
[SourceDate "2011.11.26"]
[SourceVersion "1"]
[SourceVersionDate "2011.11.26"]
[SourceQuality "1"]

1. e4 e5 2. Nf3 Nc6 3. Bb5 Nd4 4. Nxd4 exd4 5. O-O c6 6. Bc4 Nf6 7. e5 d5 8. exd6 Bxd6 9. Re1+ Kf8 10. g3 h5 11. h4 Bg4 12. Be2 Qc7 13. Kg2 Bxg3 14. Bxg4 Bxf2 15. Kxf2 Qh2+ 16. Kf1 Nxg4 17. Qf3 Rh6 18. Re2 Rf6 19. Rxh2 Rxf3+ 20. Kg2 Rf2+ 21. Kg3 Rxh2 22. d3 Re8 23. Nd2 c5 24. a3 Ree2 25. Nf3 Reg2+ 26. Kf4 Rh3 27. Ng5 Rf2+ 28. Ke4 f5+ 29. Kd5 Rh1 30. Ne6+ Kg8 31. Nxc5 Rff1 32. Nb3 Ne3+ 33. Kc5 Nxc2 34. Rb1 f4 35. Bxf4 Rxb1 36. Nd2 Rxb2 37. Nc4 Rb3 38. Ne5 Rf1 39. Ng6 Rxd3 40. Be5 Re3 41. Bb8 Re6 42. Ne5 Rf5 43. Kd5 Rfxe5+ 44. Kc4 Nxa3+ 45. Kxd4 Nb5+ 46. Kc4 a6 47. Kb4 b6 48. Kc4 Re3 49. Kd5 R3e4 50. Bg3 Nc3# 0-1